[Event "N�-LL 2006_07"]
[Site "?"]
[Date "2006.10.15"]
[Round "3"]
[White "Schorn, Christoph"]
[Black "Batyte, Daiva"]
[Result "1/2-1/2"]
[WhiteElo "2154"]
[BlackElo "2172"]
[Annotator "Stockerau : Mauerbach"]
[PlyCount "226"]
[EventDate "2006.09.20"]
[SourceDate "2006.10.17"]

1. e4 b6 2. d4 Bb7 3. Bd3 g6 4. f4 Bg7 5. Nf3 d6 6. O-O Nd7 7. Nc3 e6 8. Qe1
Ne7 9. Kh1 O-O 10. Qg3 c5 11. Be3 cxd4 12. Bxd4 e5 13. Be3 Nf6 14. f5 d5 15.
exd5 e4 16. Nxe4 Nxf5 17. Nxf6+ Qxf6 18. Bxf5 Qxf5 19. c4 Qe4 20. Nd2 Qd3 21.
Rab1 Rae8 22. Bf4 Qxg3 23. Bxg3 Re2 24. Rfd1 Bc8 25. Nf3 Bf5 26. Re1 Rxb2 27.
Rxb2 Bxb2 28. Re7 Rc8 29. d6 Bf6 30. Rxa7 Rxc4 31. h3 Rc1+ 32. Kh2 Rd1 33. Rb7
Be6 34. a3 Bb2 35. Rxb6 Bxa3 36. Be5 f6 37. Bxf6 Rxd6 38. Rxd6 Bxd6+ 39. Be5
Be7 40. Kg3 g5 41. Nd4 Bd7 42. Kf3 Kf7 43. g4 Bc5 44. Kg3 Be7 45. Kf3 Bc8 46.
Kg3 Kg6 47. Nf3 Bb7 48. Nd4 Bb4 49. Nf3 Kh6 50. Bc7 Kg6 51. Be5 h6 52. Bc7 Kf6
53. Be5+ Kf7 54. Bc7 Ke6 55. Bb8 Be4 56. Nd4+ Kd5 57. Nf3 Ba5 58. Kf2 Bc3 59.
Bc7 Kc4 60. Bd8 Bb7 61. h4 gxh4 62. Bxh4 Kd3 63. Be7 Bg7 64. Bd6 Bc8 65. Kg3
Ke2 66. Ne5 Ke3 67. Nf7 Bc3 68. Bc5+ Ke2 69. Nxh6 Be1+ 70. Kh3 Kf3 71. Nf5 Ba6
72. Nd4+ Ke4 73. Kg2 Kd5 74. Bb6 Bd3 75. Kf3 Bd2 76. Nf5 Be4+ 77. Kg3 Bc3 78.
Kf4 Be5+ 79. Ke3 Bc2 80. Kd2 Bb1 81. Ke3 Bh2 82. Kf3 Be4+ 83. Kf2 Bb8 84. Ke3
Bb1 85. Ne7+ Ke6 86. Nf5 Kf6 87. Bd8+ Kg6 88. Nd4 Ba7 89. Be7 Bb6 90. Bh4 Kf7
91. Bg3 Kf6 92. Bf4 Bg6 93. g5+ Kf7 94. Be5 Bb1 95. Kf4 Kg6 96. Nf3 Ba5 97. Bd4
Bc2 98. Be5 Bb4 99. Bd4 Ba3 100. Bc3 Bd1 101. Bf6 Bc1+ 102. Kg3 Kf5 103. Be5
Ke4 104. g6 Bb3 105. Bc3 Bf4+ 106. Kf2 Bg8 107. g7 Bh6 108. Nd2+ Kd3 109. Ba5
Bxg7 110. Nf3 Bf6 111. Bb6 Bd5 112. Ne1+ Ke4 113. Bc5 Bh4+ 1/2-1/2

[Event "N�-LL 2006_07"]
[Site "?"]
[Date "2006.10.15"]
[Round "3"]
[White "Schmid, Thomas"]
[Black "Thoma, Wilhelm"]
[Result "0-1"]
[WhiteElo "2117"]
[BlackElo "2156"]
[Annotator "Stockerau : Mauerbach"]
[PlyCount "40"]
[EventDate "2006.09.20"]
[SourceDate "2006.10.17"]

1. e4 e6 2. d4 d5 3. Nd2 c5 4. exd5 exd5 5. Ngf3 Nc6 6. Bb5 Bd6 7. dxc5 Bxc5 8.
O-O Nge7 9. Nb3 Bd6 10. c3 Bg4 11. Bg5 O-O 12. Bh4 Qb6 13. Be2 Nf5 14. Bg5 Rfe8
15. Nfd4 Rxe2 16. Nxe2 Re8 17. Re1 h6 18. Bc1 Bxh2+ 19. Kxh2 Qxf2 20. Qd2 Nh4
0-1

[Event "N�-LL 2006_07"]
[Site "?"]
[Date "2006.10.15"]
[Round "3"]
[White "Trkulja, Zoran"]
[Black "Mahdy, Khaled"]
[Result "0-1"]
[WhiteElo "2226"]
[BlackElo "2368"]
[Annotator "Waidhofen : Bisamberg/Korneuburg"]
[PlyCount "46"]
[EventDate "2006.09.20"]
[SourceDate "2006.10.17"]

1. e4 e5 2. d4 exd4 3. Qxd4 Nc6 4. Qe3 Nf6 5. Bd2 Be7 6. Nc3 O-O 7. O-O-O d5 8.
exd5 Nxd5 9. Qg3 Bd6 10. f4 Nf6 11. Bd3 Nb4 12. Bc4 Bf5 13. Bb3 a5 14. Nge2 a4
15. Nxa4 Nxa2+ 16. Kb1 b5 17. Nd4 Bd7 18. Kxa2 c5 19. Ne2 c4 20. Bc3 cxb3+ 21.
cxb3 bxa4 22. b4 Be7 23. Qe3 Re8 0-1

[Event "N�-LL 2006_07"]
[Site "?"]
[Date "2006.10.15"]
[Round "3"]
[White "Svanda, Pavel"]
[Black "Stanivukovic, Drago"]
[Result "1-0"]
[WhiteElo "2208"]
[BlackElo "2093"]
[Annotator "Waidhofen : Bisamberg/Korneuburg"]
[PlyCount "65"]
[EventDate "2006.09.20"]
[SourceDate "2006.10.17"]

1. e4 e5 2. Nf3 d6 3. d4 Bg4 4. dxe5 Bxf3 5. Qxf3 dxe5 6. Bb5+ c6 7. Bc4 Qf6 8.
O-O Qxf3 9. gxf3 Bd6 10. Re1 f6 11. Nd2 Nd7 12. c3 Ne7 13. Nf1 b5 14. Be2 g5
15. a4 b4 16. Ne3 Ng6 17. Nf5 Bc5 18. Be3 bxc3 19. bxc3 Ne7 20. Ng7+ Kf7 21.
Red1 Bxe3 22. Rxd7 Bc5 23. Nf5 Rhd8 24. Bc4+ Ke8 25. Rxd8+ Kxd8 26. Rd1+ Kc7
27. Ng7 Ba3 28. Ne6+ Kb6 29. a5+ Kxa5 30. Ra1 Ng6 31. Rxa3+ Kb6 32. Rb3+ Ka5
33. Rb4 1-0

[Event "N�-LL 2006_07"]
[Site "?"]
[Date "2006.10.15"]
[Round "3"]
[White "Kadletz, Karl"]
[Black "Dietrich, Markus"]
[Result "1-0"]
[WhiteElo "2107"]
[BlackElo "1992"]
[Annotator "Waidhofen : Bisamberg/Korneuburg"]
[PlyCount "113"]
[EventDate "2006.09.20"]
[SourceDate "2006.10.17"]

1. Nf3 Nf6 2. g3 d5 3. Bg2 c6 4. O-O Bf5 5. d3 Nbd7 6. Nbd2 e6 7. h3 Be7 8. Nh4
Bg6 9. Nxg6 hxg6 10. e4 dxe4 11. dxe4 Ne5 12. Qe2 Qd4 13. Nf3 Qc4 14. Qxc4 Nxc4
15. Nd2 Nxd2 16. Bxd2 Nd7 17. Rfe1 Bf6 18. Rab1 Ne5 19. Bc3 g5 20. Red1 Rd8 21.
Rxd8+ Kxd8 22. Bf1 Kc7 23. Rd1 Nf3+ 24. Kg2 Bxc3 25. bxc3 Rd8 26. Bd3 Ne5 27.
f4 gxf4 28. gxf4 Nc4 29. Kf3 Nb2 30. Rd2 Rh8 31. Rh2 Kb6 32. h4 Na4 33. c4 Kc5
34. h5 Nc3 35. Rg2 g6 36. hxg6 fxg6 37. Rxg6 Re8 38. Rg7 Rb8 39. Rg5+ Kd6 40.
Ra5 a6 41. Ke3 Nd1+ 42. Kf3 Rh8 43. c5+ Ke7 44. Bf1 Rh2 45. Bd3 Nb2 46. Ra3
Nxd3 47. cxd3 Kf6 48. Rb3 Rxa2 49. Rxb7 Ra5 50. d4 Ra3+ 51. Kg4 Ra4 52. Rd7 Rc4
53. e5+ Kg6 54. Re7 Rxd4 55. Rxe6+ Kf7 56. Rxc6 a5 57. Kf5 1-0

[Event "N�-LL 2006_07"]
[Site "?"]
[Date "2006.10.15"]
[Round "3"]
[White "Kropik, Martin"]
[Black "Ebner, Johann"]
[Result "0-1"]
[WhiteElo "2126"]
[BlackElo "2076"]
[Annotator "Waidhofen : Bisamberg/Korneuburg"]
[PlyCount "28"]
[EventDate "2006.09.20"]
[SourceDate "2006.10.17"]

1. d4 e6 2. c4 Nf6 3. Bg5 Bb4+ 4. Nd2 h6 5. Bh4 g5 6. Bg3 Ne4 7. Ngf3 c5 8. a3
Bxd2+ 9. Nxd2 Nxg3 10. hxg3 cxd4 11. Ne4 Nc6 12. Qd2 Qa5 13. b4 Qe5 14. Nxg5
hxg5 0-1

[Event "N�-LL 2006_07"]
[Site "?"]
[Date "2006.10.15"]
[Round "3"]
[White "Todor, Razvan"]
[Black "Engelhardt, Richard"]
[Result "1-0"]
[WhiteElo "2152"]
[BlackElo "2174"]
[Annotator "Wr.Neustadt : St.P�lten"]
[PlyCount "85"]
[EventDate "2006.10.15"]
[SourceDate "2006.10.15"]

1. e4 c5 2. Nf3 e6 3. c3 Nf6 4. e5 Nd5 5. g3 d6 6. exd6 Bxd6 7. Bg2 Nc6 8. O-O
O-O 9. Na3 Be7 10. Nc4 Bf6 11. Re1 b5 12. Nce5 Bb7 13. Nxc6 Bxc6 14. d4 Qb6 15.
Bg5 Bxg5 16. Nxg5 cxd4 17. cxd4 Nb4 18. Bxc6 Qxc6 19. a3 Nd5 20. Qd3 g6 21.
Rac1 Qb7 22. Rc5 b4 23. a4 Rac8 24. Ne4 Rxc5 25. dxc5 b3 26. Qc4 Rb8 27. c6 Qc7
28. Rc1 Rb4 29. Nf6+ Kh8 30. Qc5 Rb8 31. Nxd5 exd5 32. Qxd5 Kg7 33. Qd4+ f6 34.
Qc5 Rd8 35. Qb4 Rb8 36. Qc3 Rb6 37. a5 Ra6 38. Qc4 Rxa5 39. Rd1 Kh6 40. Rd7 Qe5
41. Qh4+ Qh5 42. Qxf6 Qh3 43. Qf4+ 1-0

3 43. Qf4+ 1-0

[Event "N�-LL 2006_07"]
[Site "?"]
[Date "2006.10.15"]
[Round "3"]
[White "Wallner, Erich"]
[Black "Steiner, Adam"]
[Result "1-0"]
[WhiteElo "2155"]
[BlackElo "2140"]
[Annotator "Wr.Neustadt : St.P�lten"]
[PlyCount "103"]
[EventDate "2006.10.15"]
[SourceDate "2006.10.15"]

1. d4 Nf6 2. Bg5 Ne4 3. Bf4 c5 4. f3 Qa5+ 5. c3 Nf6 6. Nd2 cxd4 7. Nb3 Qf5 8.
Bxb8 Rxb8 9. Nxd4 Qa5 10. e4 e5 11. Nb3 Qd8 12. Bc4 b5 13. Bd5 Nxd5 14. Qxd5 d6
15. Rd1 Be7 16. Ne2 Qb6 17. Qd2 Be6 18. Ng3 g6 19. Qf2 b4 20. Qxb6 Rxb6 21. Ne2
O-O 22. cxb4 Bxb3 23. axb3 Rxb4 24. Rd3 Rfb8 25. Kd2 Rxb3 26. Rxb3 Rxb3 27. Kc2
Rb7 28. Nc3 f5 29. Nd5 Kf7 30. b4 Ke6 31. Kd3 Bd8 32. Rc1 h5 33. Rc8 Kd7 34.
Ra8 h4 35. Kc4 fxe4 36. fxe4 g5 37. h3 a5 38. b5 a4 39. Rxa4 Ke6 40. b6 Bf6 41.
Ra7 Rb8 42. Rh7 Bd8 43. Kb5 Rc8 44. Nc7+ Kf6 45. Kc6 Rb8 46. b7 d5 47. Nxd5+
Kg6 48. Rd7 Ba5 49. Rc7 Bxc7 50. Kxc7 Rxb7+ 51. Kxb7 g4 52. Kc6 1-0

g4 52. Kc6 1-0

[Event "N�-LL 2006_07"]
[Site "?"]
[Date "2006.10.15"]
[Round "3"]
[White "Wiedner, Robert"]
[Black "Polsterer, Heinz"]
[Result "1/2-1/2"]
[WhiteElo "2143"]
[BlackElo "2082"]
[Annotator "Wr.Neustadt : St.P�lten"]
[PlyCount "42"]
[EventDate "2006.10.15"]
[SourceDate "2006.10.15"]

1. c4 f5 2. Nc3 Nf6 3. g3 g6 4. Bg2 Bg7 5. d3 c6 6. e4 d6 7. Nge2 Na6 8. Rb1
O-O 9. O-O fxe4 10. dxe4 Bg4 11. h3 Be6 12. b3 Qc8 13. Kh2 Nh5 14. Bg5 Rf7 15.
Qd2 Qf8 16. Nf4 Nxf4 17. Bxf4 Rd8 18. Qe3 Bc8 19. Rbd1 Nc5 20. Ne2 a6 21. Qd2
Ne6 1/2-1/2

2
Ne6 1/2-1/2

[Event "N�-LL 2006_07"]
[Site "?"]
[Date "2006.10.15"]
[Round "3"]
[White "Wadsack, Wolfgang"]
[Black "Hangweyrer, Roman"]
[Result "1/2-1/2"]
[WhiteElo "2241"]
[BlackElo "2178"]
[Annotator "Zwettl : Amstetten"]
[PlyCount "68"]
[EventDate "2006.??.??"]

1. e4 c5 2. c3 Nf6 3. e5 Nd5 4. d4 cxd4 5. cxd4 d6 6. Nf3 Nc6 7. Bc4 Nb6 8. Bb3
dxe5 9. d5 Na5 10. Nc3 Nxb3 11. Qxb3 e6 12. Nxe5 Bd6 13. Qb5+ Bd7 14. Nxd7 Qxd7
15. dxe6 Qxb5 16. Nxb5 Bb4+ 17. Ke2 O-O 18. Be3 fxe6 19. a3 Be7 20. Bxb6 axb6
21. Rac1 Ra5 22. Nc3 Re5+ 23. Kf1 Bc5 24. f3 Bd4 25. Re1 Bxc3 26. bxc3 Rxe1+
27. Kxe1 Ra8 28. Kd2 Rxa3 29. Kd3 Kf7 30. Rb1 Ra6 31. h4 Kf6 32. Rb4 Ke5 33.
Re4+ Kd6 34. Rg4 g6 1/2-1/2

[Event "N�-LL 2006_07"]
[Site "?"]
[Date "2006.10.15"]
[Round "3"]
[White "Janetschek, Karl"]
[Black "Rumpl, Erwin"]
[Result "1/2-1/2"]
[WhiteElo "2289"]
[BlackElo "2288"]
[Annotator "Zwettl : Amstetten"]
[PlyCount "82"]
[EventDate "2006.??.??"]

1. e4 g6 2. d4 Bg7 3. Nc3 d6 4. h3 a6 5. Nf3 b5 6. a4 b4 7. Na2 a5 8. Bc4 Nf6
9. O-O d5 10. exd5 Ba6 11. Bxa6 Rxa6 12. c4 bxc3 13. bxc3 Qxd5 14. Ba3 Nbd7 15.
Qd3 Re6 16. c4 Qe4 17. Qc3 Qa8 18. Ng5 Ra6 19. Rae1 c5 20. Qe3 O-O 21. d5 h6
22. Ne4 Nxe4 23. Qxe4 e6 24. Rd1 exd5 25. Qxd5 Nb6 26. Qxc5 Rc8 27. Qb5 Nxc4
28. Bc5 Nb2 29. Rc1 Rb8 30. Qd7 Qc6 31. Qd2 Qxa4 32. Nc3 Qb3 33. Rfe1 Rc6 34.
Nd5 Rxc5 35. Rxc5 Nd3 36. Rxa5 Nxe1 37. Qxe1 Rd8 38. Qe4 Kh7 39. Ne3 Qb6 40.
Rd5 Rxd5 41. Qxd5 Qf6 1/2-1/2

[Event "N�-LL 2006_07"]
[Site "?"]
[Date "2006.10.15"]
[Round "3"]
[White "Stadler, Peter"]
[Black "Bachmayer, Josef"]
[Result "1/2-1/2"]
[WhiteElo "2113"]
[BlackElo "2163"]
[Annotator "Zwettl : Amstetten"]
[PlyCount "75"]
[EventDate "2006.??.??"]

1. d4 f5 2. e4 fxe4 3. Nc3 Nf6 4. Bg5 Nc6 5. d5 Ne5 6. Qd4 Nf7 7. Bxf6 exf6 8.
Nxe4 f5 9. Ng3 g6 10. h4 c6 11. O-O-O Bh6+ 12. Kb1 O-O 13. h5 Bg7 14. Qd2 Qf6
15. c3 b5 16. hxg6 hxg6 17. Nf3 b4 18. dxc6 dxc6 19. Bc4 Be6 20. Bxe6 Qxe6 21.
Ne2 Rfe8 22. Ned4 Qe4+ 23. Ka1 c5 24. Rde1 bxc3 25. bxc3 Qd5 26. Ne2 Qc4 27.
Rh4 Qb5 28. Qb2 Rab8 29. Qxb5 Rxb5 30. a4 Rb4 31. Rxb4 cxb4 32. Kb1 bxc3 33.
Kc2 Nd6 34. Nf4 Rxe1 35. Nxe1 g5 36. Nd5 g4 37. f3 gxf3 38. gxf3 1/2-1/2

[Event "N�-LL 2006_07"]
[Site "?"]
[Date "2006.10.15"]
[Round "3"]
[White "Schneider-Zinner, Harald"]
[Black "Kummer, Helmut"]
[Result "0-1"]
[WhiteElo "2357"]
[BlackElo "2335"]
[Annotator "Bad V�slau/Kottningbrunn : Baden"]
[PlyCount "72"]
[EventDate "2006.09.20"]
[SourceDate "2006.10.20"]

1. e4 e5 2. Nf3 Nf6 3. Nxe5 d6 4. Nf3 Nxe4 5. Nc3 Nxc3 6. dxc3 Be7 7. Bf4 Nc6
8. Qd2 a6 9. O-O-O Be6 10. Nd4 Nxd4 11. cxd4 c6 12. Kb1 O-O 13. Bd3 b5 14. h4
a5 15. Qe2 Qd7 16. Bg5 Rfe8 17. Qe4 f5 18. Qf3 Bf8 19. Rhe1 Bd5 20. Qxf5 Qxf5
21. Bxf5 Bxg2 22. Be6+ Kh8 23. Re3 Bd5 24. Bxd5 cxd5 25. Rde1 Rxe3 26. Rxe3 a4
27. Kc1 Kg8 28. Kd2 Kf7 29. h5 Rc8 30. Rc3 Rc4 31. Rxc4 dxc4 32. d5 h6 33. Be3
g6 34. Kc3 gxh5 35. Kb4 Bg7 36. Kxb5 h4 {Rest nicht lesbar, 0:1 im 41.Zug} 0-1

[Event "N�-LL 2006_07"]
[Site "?"]
[Date "2006.10.15"]
[Round "3"]
[White "Pachta, Paul"]
[Black "L�ffler, Stefan"]
[Result "1/2-1/2"]
[WhiteElo "2331"]
[BlackElo "2463"]
[Annotator "Bad V�slau/Kottningbrunn : Baden"]
[PlyCount "38"]
[EventDate "2006.09.20"]
[SourceDate "2006.10.20"]

1. d4 d5 2. c4 e6 3. Nc3 Bb4 4. Nf3 dxc4 5. e3 b5 6. Bd2 c6 7. a4 Qe7 8. axb5
Bxc3 9. Bxc3 cxb5 10. d5 Nf6 11. d6 Qb7 12. Bxf6 gxf6 13. Be2 Nd7 14. Qd4 Qb6
15. Qxb6 Nxb6 16. Nd4 a6 17. Bf3 Rb8 18. Nc6 Ra8 19. Nd4 Rb8 1/2-1/2

[Event "N�-LL 2006_07"]
[Site "?"]
[Date "2006.10.15"]
[Round "3"]
[White "Sulyok, Michael"]
[Black "Brehofsky, Paul"]
[Result "1-0"]
[WhiteElo "2217"]
[BlackElo "2140"]
[Annotator "Bad V�slau/Kottningbrunn : Baden"]
[PlyCount "79"]
[EventDate "2006.09.20"]
[SourceDate "2006.10.20"]

1. c4 e6 2. g3 d5 3. Bg2 Nf6 4. Nf3 dxc4 5. Qa4+ Bd7 6. Qxc4 Bc6 7. O-O Nbd7 8.
Qc2 Bd6 9. Nc3 Bxf3 10. Bxf3 c6 11. d4 O-O 12. e4 e5 13. dxe5 Nxe5 14. Be2 Nfd7
15. f4 Ng6 16. Kg2 Qe7 17. e5 Bc5 18. Ne4 Bd4 19. Nd6 Nb6 20. Nf5 Qc5 21. Nxd4
Qxd4 22. Rd1 Qb4 23. Be3 Rfd8 24. Bc5 Qa5 25. b4 Qa4 26. Qb2 Nf8 27. f5 Nbd7
28. Bd6 c5 29. Bf3 Nb6 30. bxc5 Nc4 31. Qd4 Qc2+ 32. Kg1 Qxf5 33. Be4 Nxe5 34.
Bxf5 Nf3+ 35. Kg2 Nxd4 36. Rxd4 f6 37. Be4 Ne6 38. Rdd1 Rd7 39. Rab1 Re8 40.
Bxb7 1-0

[Event "N�-LL 2006_07"]
[Site "?"]
[Date "2006.10.15"]
[Round "3"]
[White "Zojer, Thomas"]
[Black "Geismann, Bernhard"]
[Result "1/2-1/2"]
[WhiteElo "2088"]
[BlackElo "2030"]
[Annotator "Bad V�slau/Kottningbrunn : Baden"]
[PlyCount "58"]
[EventDate "2006.09.20"]
[SourceDate "2006.10.20"]

1. d4 d5 2. c4 Nc6 3. cxd5 Qxd5 4. e3 e5 5. Nc3 Bb4 6. Bd2 Bxc3 7. bxc3 Nf6 8.
Qb3 Qd6 9. f3 O-O 10. Bd3 Be6 11. Qc2 exd4 12. exd4 Na5 13. Qa4 b6 14. Ne2 c5
15. O-O Nc6 16. Bf4 Qd5 17. c4 Qd7 18. d5 Nb4 19. Qxd7 Bxd7 20. Be4 Rfe8 21. a3
Nxe4 22. axb4 Nd2 23. Bxd2 Rxe2 24. Bc3 cxb4 25. Bxb4 Rc2 26. Rfc1 Rxc1+ 27.
Rxc1 Rc8 28. c5 bxc5 29. Rxc5 Rxc5 1/2-1/2

[Event "N�-LL 2006_07"]
[Site "?"]
[Date "2006.10.29"]
[Round "4"]
[White "Wukits, Rene"]
[Black "Ganaus, Hannes"]
[Result "1/2-1/2"]
[WhiteElo "2298"]
[BlackElo "2318"]
[Annotator "St.P�lten : Schwarzatal"]
[PlyCount "32"]
[EventDate "2006.09.20"]
[SourceDate "2006.11.01"]

1. d4 Nf6 2. c4 e6 3. Nc3 Bb4 4. e3 O-O 5. Bd3 d5 6. Nf3 c5 7. O-O cxd4 8. exd4
dxc4 9. Bxc4 b6 10. Bg5 Bb7 11. Qd3 Nbd7 12. Rad1 Qb8 13. Rfe1 Bd6 14. Bb3 a6
15. Bc2 g6 16. Bb3 Kg7 1/2-1/2

[Event "N�-LL 2006_07"]
[Site "?"]
[Date "2006.10.29"]
[Round "4"]
[White "R�hrl, Karl"]
[Black "Degen, Gerhard"]
[Result "1-0"]
[WhiteElo "2290"]
[BlackElo "2207"]
[Annotator "St.P�lten : Schwarzatal"]
[PlyCount "71"]
[EventDate "2006.09.20"]
[SourceDate "2006.11.01"]

1. d4 d5 2. Nf3 Nf6 3. c4 c6 4. Nc3 e6 5. e3 Nbd7 6. Bd3 dxc4 7. Bxc4 b5 8. Bd3
Bb7 9. e4 a6 10. e5 Nd5 11. Ne4 c5 12. O-O cxd4 13. a3 Nc5 14. Nxc5 Bxc5 15.
Ng5 Be7 16. Qg4 g6 17. Nf3 h5 18. Qg3 Qb6 19. Bg5 O-O-O 20. Rfd1 Rd7 21. Qh4
Kb8 22. Be4 Bxg5 23. Qxg5 Rhd8 24. Rxd4 Ne7 25. Rxd7 Rxd7 26. Bxb7 Qxb7 27. Qf4
Qd5 28. h3 Nc6 29. Kh1 Kb7 30. Rc1 Qd3 31. Kg1 Nd4 32. Nxd4 Qxd4 33. Qf3+ Qd5
34. Qc3 Kb6 35. b4 Qb7 36. Qc5# 1-0

[Event "N�-LL 2006_07"]
[Site "?"]
[Date "2006.10.29"]
[Round "4"]
[White "Weninger, Robert"]
[Black "Wallner, Erich"]
[Result "0-1"]
[WhiteElo "2096"]
[BlackElo "2155"]
[Annotator "St.P�lten : Schwarzatal"]
[PlyCount "80"]
[EventDate "2006.09.20"]
[SourceDate "2006.11.01"]

1. d4 Nf6 2. Bg5 Ne4 3. Bh4 d5 4. Nd2 Nd6 5. e3 c6 6. Ngf3 Bf5 7. Bd3 Qb6 8.
Bxf5 Nxf5 9. Bg3 Nd7 10. b3 e6 11. O-O Be7 12. c4 O-O 13. Re1 Rfe8 14. Qe2 Rad8
15. c5 Nxg3 16. hxg3 Qc7 17. b4 Bf6 18. e4 dxe4 19. Nxe4 Be7 20. Rad1 Nf6 21.
Nxf6+ Bxf6 22. Ne5 Rd5 23. f4 Red8 24. Qf2 Bxe5 25. fxe5 b6 26. Re4 bxc5 27.
bxc5 Rxc5 28. Rg4 Rxe5 29. Qf6 g6 30. Qf4 Qd6 31. Qh6 Qf8 32. Qc1 Red5 33. Qxc6
e5 34. Qa4 h5 35. Re4 Rxd4 36. Rdxd4 Rxd4 37. Qc6 Rxe4 38. Qxe4 Qc5+ 39. Kh2
Kg7 40. Qe2 Qd4 0-1

[Event "N�-LL 2006_07"]
[Site "?"]
[Date "2006.10.29"]
[Round "4"]
[White "Engelhardt, Richard"]
[Black "Krautwurst, Josef"]
[Result "1-0"]
[WhiteElo "2174"]
[BlackElo "1923"]
[Annotator "St.P�lten : Schwarzatal"]
[PlyCount "37"]
[EventDate "2006.09.20"]
[SourceDate "2006.11.01"]

1. Nf3 d5 2. g3 Nf6 3. Bg2 c6 4. O-O e6 5. b3 b6 6. Bb2 Ba6 7. d3 Nbd7 8. c4
Rc8 9. Nbd2 Be7 10. e4 Nc5 11. e5 Nfd7 12. Qe2 O-O 13. a4 Nb7 14. Nd4 Na5 15.
Bc3 Bb7 16. b4 c5 17. Nxe6 fxe6 18. bxa5 Re8 19. axb6 1-0

[Event "N�-LL 2006_07"]
[Site "?"]
[Date "2006.10.29"]
[Round "4"]
[White "Mahdy, Khaled"]
[Black "Kostic, Vladimir"]
[Result "1-0"]
[WhiteElo "2368"]
[BlackElo "2433"]
[Annotator "P�chlarn : Waidhofen"]
[PlyCount "43"]
[EventDate "2006.09.20"]
[SourceDate "2006.11.01"]

1. e4 e6 2. d4 d5 3. exd5 exd5 4. Nf3 Bd6 5. c4 dxc4 6. Bxc4 Nf6 7. O-O O-O 8.
h3 Nbd7 9. Bb3 c6 10. Nc3 Nb6 11. Qd3 Nbd5 12. Re1 Nb4 13. Qb1 Qa5 14. Ne5 Be6
15. Bg5 Rfe8 16. Bxf6 gxf6 17. Nxf7 Bxf7 18. Bxf7+ Kxf7 19. Qxh7+ Kf8 20. Ne4
Be7 21. Re3 Qd5 22. Rg3 1-0

[Event "N�-LL 2006_07"]
[Site "?"]
[Date "2006.10.29"]
[Round "4"]
[White "Weinzettl, Ernst"]
[Black "Svanda, Pavel"]
[Result "1/2-1/2"]
[WhiteElo "2327"]
[BlackElo "2208"]
[Annotator "P�chlarn : Waidhofen"]
[PlyCount "60"]
[EventDate "2006.09.20"]
[SourceDate "2006.11.01"]

1. e4 c5 2. Nf3 Nc6 3. Nc3 e6 4. d4 cxd4 5. Nxd4 Qc7 6. f4 a6 7. Nxc6 bxc6 8.
Bd3 d6 9. O-O Nf6 10. Kh1 e5 11. fxe5 dxe5 12. Bg5 Be7 13. Bc4 O-O 14. Qe1 Nh5
15. Be3 Be6 16. Bxe6 fxe6 17. Qe2 Rxf1+ 18. Rxf1 Nf6 19. Qc4 Kh8 20. Qxe6 Bb4
21. Bg5 Re8 22. Qc4 Bxc3 23. Rxf6 Bxb2 24. Qxc6 Qxc6 25. Rxc6 h6 26. Be3 Bd4
27. Bxd4 exd4 28. Rxa6 Rxe4 29. Kg1 Re1+ 30. Kf2 Rc1 1/2-1/2

[Event "N�-LL 2006_07"]
[Site "?"]
[Date "2006.10.29"]
[Round "4"]
[White "Wagner, Stefan"]
[Black "Gattermayer, Robert"]
[Result "0-1"]
[WhiteElo "1986"]
[BlackElo "2070"]
[Annotator "P�chlarn : Waidhofen"]
[PlyCount "110"]
[EventDate "2006.09.20"]
[SourceDate "2006.11.01"]

1. Nf3 d5 2. d4 c6 3. e3 Bf5 4. c4 e6 5. Nc3 Nf6 6. Nh4 Bg4 7. Qb3 Qb6 8. c5
Qxb3 9. axb3 Be7 10. b4 O-O 11. h3 Bh5 12. g4 Nfd7 13. Nf3 Bg6 14. b5 cxb5 15.
Bxb5 Nc6 16. O-O Rfc8 17. Bd2 a6 18. Be2 f6 19. Ra4 Bc2 20. Raa1 Bg6 21. Na4 e5
22. b4 Be4 23. Bc3 Bf8 24. Nd2 Bg6 25. b5 axb5 26. Bxb5 Rab8 27. Rfc1 Re8 28.
Nb6 Nxb6 29. cxb6 Bd6 30. Nb3 Rec8 31. Bb2 Be8 32. Bxc6 Bxc6 33. Ba3 Bxa3 34.
Rxa3 Kf7 35. Nc5 Ke7 36. Ra7 Kd6 37. f4 Re8 38. fxe5+ fxe5 39. Rf1 exd4 40.
exd4 Re7 41. Raa1 Rbe8 42. Rf4 Bb5 43. Rf2 Kc6 44. Rb2 Re1+ 45. Rxe1 Rxe1+ 46.
Kf2 Re7 47. Kf3 Kxb6 48. Na4+ Kc6 49. Nc3 Bc4 50. Na4 b5 51. Nc5 g5 52. h4 gxh4
53. Rh2 b4 54. Rxh4 b3 55. Rh1 Kb5 0-1

[Event "N�-LL 2006_07"]
[Site "?"]
[Date "2006.10.29"]
[Round "4"]
[White "Steinm�ller, G�nther"]
[Black "Dietrich, Markus"]
[Result "1/2-1/2"]
[WhiteElo "2151"]
[BlackElo "1992"]
[Annotator "P�chlarn : Waidhofen"]
[PlyCount "72"]
[EventDate "2006.09.20"]
[SourceDate "2006.11.01"]

1. d4 Nf6 2. Nf3 d5 3. c4 c6 4. Nc3 dxc4 5. a4 Bf5 6. e3 e6 7. Bxc4 Bb4 8. O-O
Nbd7 9. h3 h6 10. Qe2 Ne4 11. Nxe4 Bxe4 12. Rd1 Qf6 13. Ne1 O-O 14. f3 Bd5 15.
e4 Bxc4 16. Qxc4 a5 17. Nc2 Be7 18. Be3 Rfc8 19. Rac1 Qh4 20. Ne1 Bd6 21. Nd3
Qg3 22. e5 Bf8 23. Qb3 Rab8 24. Nf4 Re8 25. Nd3 Qh4 26. Bf2 Qd8 27. Be1 Nb6 28.
Nc5 Nd5 29. Ne4 Qc7 30. Kh1 Red8 31. Bf2 Be7 32. Rc2 Nb4 33. Re2 Nd5 34. Rc2
Nb4 35. Re2 Nd5 36. Rc2 Nb4 1/2-1/2

[Event "N�-LL 2006_07"]
[Site "Amstetten"]
[Date "2006.10.29"]
[Round "4"]
[White "Baumegger, Siegfried"]
[Black "Rumpl, Erwin"]
[Result "1-0"]
[WhiteElo "2411"]
[BlackElo "2288"]
[Annotator "Amstetten : Baden"]
[PlyCount "57"]
[EventDate "2006.10.29"]
[SourceDate "2006.10.01"]

1. Nf3 g6 2. d4 Bg7 3. c4 d6 4. Nc3 e5 5. e4 exd4 6. Nxd4 Nc6 7. Be3 Nge7 8. h4
O-O 9. h5 f5 10. hxg6 hxg6 11. Nxc6 bxc6 12. Bd4 Rf7 13. Bxg7 Rxg7 14. e5 Be6
15. exd6 Qxd6 16. Qxd6 cxd6 17. O-O-O Rd8 18. c5 Kf7 19. Rxd6 Rxd6 20. cxd6 Nc8
21. Rh4 Nxd6 22. Ra4 Kf6 23. Ra6 Rc7 24. Be2 Ke5 25. Kd2 Nc4+ 26. Bxc4 Bxc4 27.
Ra5+ Bd5 28. f4+ Kd4 29. Rxd5+ 1-0


+ Bd5 28. f4+ Kd4 29. Rxd5+ 1-0

[Event "N�-LL 2006_07"]
[Site "Amstetten"]
[Date "2006.10.29"]
[Round "4"]
[White "Wadsack, Wolfgang"]
[Black "Schneider Zinner, Harald"]
[Result "0-1"]
[WhiteElo "2241"]
[BlackElo "2357"]
[Annotator "Amstetten : Baden"]
[PlyCount "92"]
[EventDate "2006.10.29"]
[SourceDate "2006.10.01"]

1. e4 c5 2. c3 Nf6 3. e5 Nd5 4. d4 cxd4 5. cxd4 Nc6 6. Nf3 d6 7. Bc4 Nb6 8. Bb3
dxe5 9. d5 Na5 10. Nc3 f6 11. Be3 g6 12. h4 Bg4 13. Bxb6 axb6 14. Ba4+ Bd7 15.
h5 Bg7 16. hxg6 hxg6 17. Rxh8+ Bxh8 18. Bc2 f5 19. Nh4 Kf7 20. g4 e6 21. dxe6+
Bxe6 22. gxf5 Qxd1+ 23. Rxd1 gxf5 24. Nxf5 Nc6 25. a3 Nd4 26. Nxd4 exd4 27. Ne4
Ra5 28. Bd3 Rh5 29. Kd2 Be5 30. Rg1 Bf4+ 31. Ke2 Bd5 32. Rg4 Bc1 33. Nd6+ Ke6
34. Rg6+ Kd7 35. Ne4 Re5 36. f3 Bxb2 37. Rxb6 Bxa3 38. f4 Rxe4+ 39. Bxe4 Bxe4
40. Rh6 Bd6 41. Rh4 Bb4 42. f5 d3+ 43. Ke3 d2 44. Rxe4 d1=Q 45. Rd4+ Qxd4+ 46.
Kxd4 Kc6 0-1

[Event "N�-LL 2006_07"]
[Site "Amstetten"]
[Date "2006.10.29"]
[Round "4"]
[White "Sulyok, Michael"]
[Black "Gugler, Edgar"]
[Result "1-0"]
[WhiteElo "2217"]
[BlackElo "2216"]
[Annotator "Amstetten : Baden"]
[PlyCount "73"]
[EventDate "2006.10.29"]
[SourceDate "2006.10.01"]

1. c4 c6 2. e4 d5 3. exd5 cxd5 4. cxd5 Nf6 5. Nc3 g6 6. Bc4 Bg7 7. Nf3 O-O 8.
O-O Nbd7 9. d3 Nb6 10. Qb3 Bf5 11. Bf4 Rc8 12. Rfe1 Nfd7 13. Bg5 Nc5 14. Qa3
Re8 15. Bb5 h6 16. d4 Nd3 17. Rxe7 Nc4 18. Rxe8+ Qxe8 19. Qb3 Qf8 20. Bxc4 hxg5
21. Bxd3 Bxd3 22. Re1 b6 23. Ne5 Bf5 24. Nc6 Rc7 25. Nb5 Rd7 26. Nbxa7 Bf6 27.
Nb5 Kg7 28. d6 g4 29. d5 Rxd6 30. Nxd6 Qxd6 31. Rd1 Qc5 32. Qe3 Qc2 33. Qd2 Qc5
34. b4 Qb5 35. a3 Qa4 36. Nd4 Bd7 37. Qd3 1-0